GCSE English Literature People - Statistics

General Stats
  • This quiz has been taken 129 times
  • The average score is 6 of 18
Answer Stats
Literature Writer % Correct
'Macbeth' Playwright William Shakespeare
94%
'A Christmas Carol' Author Charles Dickens
88%
'An Inspector Calls' Playwright J.B Priestley
54%
'Ozymandias' Poet Percy Bysshe Shelley
51%
'The Charge of the Light Brigade' Poet Alfred Tennyson
46%
'The Prelude: Stealing the Boat' Poet William Wordsworth
38%
'London' Poet William Blake
36%
'Exposure' Poet Wilfred Owen
34%
'My Last Duchess' Poet Robert Browning
27%
'War Photographer' Poet Carol Ann Duffy
24%
'Storm on the Island' Poet Seamus Heaney
23%
'Remains' Poet Simon Armitage
23%
'Checking Out Me History' Poet John Agard
20%
'Bayonet Charge' Poet Ted Hughes
15%
'Kamikaze' Poet Beatrice Garland
13%
'Tissue' Poet Imtiaz Dharker
12%
'The Emigree' Poet Carol Rumens
9%
'Poppies' Poet Jane Weir
9%
No matching quizzes found
Score Distribution
Percent of People with Each Score
Percentile by Number Answered
Your Score History
You have not taken this quiz